000 00501cam a2200169 4500500
005 20260405001529.0
041 _afre
042 _adc
100 1 0 _aWilliams, Patrick
_eauthor
245 0 0 _aChemins de traverse
260 _c2013.
500 _a90
690 _aÉcole
690 _aYves Michaud
786 0 _nPhilosophie magazine | 72 | 9 | 2013-09-01 | p. 23-25 | 1951-1787
856 4 1 _uhttps://shs.cairn.info/magazine-philosophie-magazine-2013-9-page-23?lang=fr&redirect-ssocas=7080
999 _c2048628
_d2048628